| 000 | 00713 a2200205 4500 | ||
|---|---|---|---|
| 010 | _aENG-85828 | ||
| 020 |
_a813130129X _c450.00 |
||
| 035 | _aEN-69361 | ||
| 037 | _bD.B.Act / Pub | ||
| 082 | 1 | 4 | _a363.2 |
| 090 |
_c3501 _d3501 |
||
| 100 | 1 | _aPadhi, P. K. | |
| 245 | 1 |
_aPolice and the weaker sections _cby P. K. Padhi |
|
| 260 |
_aNew Delhi _bAPH Publishing Corporatioon _c2007 |
||
| 270 |
_a5, Ansari Road, Darya Ganj _bNew Delhi _e110 002 _k011- 23274050 _maphbooks@vsnl.net |
||
| 300 |
_axxiii, 189 p. _b22 cm ( Hb.) |
||
| 500 | _aIncludes bibliograpgical refrences and index | ||
| 942 |
_adpl _cEN _k363.2 / PAD |
||
| 999 |
_c3434 _d3434 |
||